00446nam a22001337a 4500003000600000005001700006008004100023040000800064082004300072245008900115260006800204300001600272650002400288GBCCL20241126110615.0180703b ||||| |||| 00| 0 eng d cGBC 2Special Crusade Editiona225.5203bBIB aThe New Testament Psalms, Proverbs Plus Aids to Christian LivingbKing James Version aMinneapolis:bThe Billy Graham Evangelistic Association,c1964. a702p.c16cm aBible - NTvEnglish